Los mercaderes ingleses católicos en Madrid a mediados del siglo XVII
The author identifies some of the most prominent merchants of English origin that lived in Madrid during the second and the third quarters of the seventeenth century that were Catholics. He pays special attention to the references provided by the notarial sources that prove that they were Catholics....
| Autore principale: | |
|---|---|
| Tipo di documento: | Elettronico Articolo |
| Lingua: | Spagnolo |
| Verificare la disponibilità: | HBZ Gateway |
| Interlibrary Loan: | Interlibrary Loan for the Fachinformationsdienste (Specialized Information Services in Germany) |
| Pubblicazione: |
2024
|
| In: |
Hispania sacra
Anno: 2024, Volume: 76, Fascicolo: 153 |
| Notazioni IxTheo: | KAH Età moderna KBF Isole Britanniche KBH Penisola iberica KDB Chiesa cattolica ZE Economy / Economics |
| Altre parole chiave: | B
Inglaterra
B católicos B siglo XVII B Madrid B España B mercaderes |
| Accesso online: |
Volltext (kostenfrei) Volltext (kostenfrei) |
MARC
| LEADER | 00000caa a22000002c 4500 | ||
|---|---|---|---|
| 001 | 1909606731 | ||
| 003 | DE-627 | ||
| 005 | 20260404093445.0 | ||
| 007 | cr uuu---uuuuu | ||
| 008 | 241127s2024 xx |||||o 00| ||spa c | ||
| 024 | 7 | |a 10.3989/hs.2024.1180 |2 doi | |
| 035 | |a (DE-627)1909606731 | ||
| 035 | |a (DE-599)KXP1909606731 | ||
| 040 | |a DE-627 |b ger |c DE-627 |e rda | ||
| 041 | |a spa | ||
| 084 | |a 1 |2 ssgn | ||
| 100 | 1 | |e VerfasserIn |0 (DE-588)1056358564 |0 (DE-627)794629180 |0 (DE-576)412534088 |4 aut |a Diago Hernando, Máximo |d 1963- | |
| 109 | |a Diago Hernando, Máximo 1963- |a Diago-Hernando, Máximo 1963- |a Hernando, Máximo Diago 1963- | ||
| 245 | 1 | 4 | |a Los mercaderes ingleses católicos en Madrid a mediados del siglo XVII |
| 264 | 1 | |c 2024 | |
| 336 | |a Text |b txt |2 rdacontent | ||
| 337 | |a Computermedien |b c |2 rdamedia | ||
| 338 | |a Online-Ressource |b cr |2 rdacarrier | ||
| 520 | |a The author identifies some of the most prominent merchants of English origin that lived in Madrid during the second and the third quarters of the seventeenth century that were Catholics. He pays special attention to the references provided by the notarial sources that prove that they were Catholics. He also informs about other features of their social profile and professional dedication. He informs about their role in the export wool trade, sales of imported merchandises, especially English cloths, and trade with wine from the Canary Islands, tobacco and fish, among other products. He also pays attention to their financial activities, namely credit to the Royal Treasury and loans to private persons. | ||
| 520 | |a El autor identifica a algunos de los principales mercaderes de origen inglés que residieron en Madrid en el segundo y tercer cuartos del siglo XVII y que profesaron la religión católica. Dedica especial atención a valorar las noticias que proporciona la documentación notarial que dan testimonio de su condición de católicos. Con carácter complementario presta también atención a otros aspectos de su perfil social y dedicación profesional. Cabe destacar la información que proporciona sobre su participación en el comercio de exportación de lanas, el de redistribución de mercancías de importación, en especial los tejidos ingleses, el de vinos de Canarias, tabaco y pescado, entre otros productos. También da cuenta de su participación en negocios financieros como los préstamos a la Real Hacienda (asientos) y a particulares. | ||
| 650 | 4 | |a España | |
| 650 | 4 | |a Inglaterra | |
| 650 | 4 | |a Madrid | |
| 650 | 4 | |a católicos | |
| 650 | 4 | |a mercaderes | |
| 650 | 4 | |a siglo XVII | |
| 652 | |a KAH:KBF:KBH:KDB:ZE | ||
| 773 | 0 | 8 | |i Enthalten in |t Hispania sacra |d Madrid [u.a.] : [Verlag nicht ermittelbar], 1948 |g 76(2024), 153, Artikel-ID 1180 |h Online-Ressource |w (DE-627)557575265 |w (DE-600)2405131-7 |w (DE-576)281366985 |x 1988-4265 |7 nnas |
| 773 | 1 | 8 | |g volume:76 |g year:2024 |g number:153 |g elocationid:1180 |
| 856 | |u https://hispaniasacra.revistas.csic.es/index.php/hispaniasacra/article/download/1180/1117 |x unpaywall |z Vermutlich kostenfreier Zugang |h publisher [deprecated] | ||
| 856 | 4 | 0 | |u https://doi.org/10.3989/hs.2024.1180 |x Resolving-System |z kostenfrei |3 Volltext |7 0 |
| 856 | 4 | 0 | |u https://hispaniasacra.revistas.csic.es/index.php/hispaniasacra/article/view/1180 |x Verlag |z kostenfrei |3 Volltext |7 0 |
| 951 | |a AR | ||
| ELC | |a 1 | ||
| ITA | |a 1 |t 1 | ||
| LOK | |0 000 xxxxxcx a22 zn 4500 | ||
| LOK | |0 001 4622894041 | ||
| LOK | |0 003 DE-627 | ||
| LOK | |0 004 1909606731 | ||
| LOK | |0 005 20260404093445 | ||
| LOK | |0 008 241127||||||||||||||||ger||||||| | ||
| LOK | |0 040 |a DE-Tue135 |c DE-627 |d DE-Tue135 | ||
| LOK | |0 092 |o n | ||
| LOK | |0 852 |a DE-Tue135 | ||
| LOK | |0 852 1 |9 00 | ||
| LOK | |0 935 |a ixzs |a ixzo | ||
| LOK | |0 936ln |0 1442044993 |a KBH | ||
| LOK | |0 936ln |0 1442044888 |a KBF | ||
| LOK | |0 936ln |0 1442049839 |a KDB | ||
| LOK | |0 936ln |0 1914900626 |a ZE | ||
| LOK | |0 936ln |0 1442044624 |a KAH | ||
| LOK | |0 939 |a 2024-11-27 |b l01 | ||
| OAS | |a 1 | ||
| ORI | |a TA-MARC-ixtheoa001.raw | ||
| REL | |a 1 | ||
| SUB | |a REL | ||
| SYE | 0 | 0 | |a Madjrit,Majerita,Matriti,Madritum,Matritum,Madritas,Majoritum,Mantua Carpentana,Mantua Carpentanorum,Madri |